Loading...
| Current Events | 3 | 10.00 | 67% | 33% | 0% |
| Fine Arts - Auditory Fine Arts | 8 | 16.25 | 100% | 38% | 25% |
| Fine Arts - Visual Fine Arts | 17 | 22.35 | 100% | 88% | 35% |
| Geography | 7 | 15.71 | 100% | 29% | 29% |
| History - American History | 8 | 18.75 | 100% | 75% | 13% |
| History - Ancient History | 9 | 22.22 | 100% | 78% | 44% |
| History - European History | 8 | 21.25 | 100% | 75% | 38% |
| History - World History | 9 | 21.11 | 100% | 89% | 22% |
| Literature - American Literature | 6 | 23.33 | 100% | 83% | 50% |
| Literature - British Literature | 7 | 18.57 | 100% | 71% | 14% |
| Literature - European Literature | 8 | 25.00 | 100% | 100% | 50% |
| Literature - World Literature | 9 | 24.44 | 100% | 89% | 56% |
| Mythology | 2 | 20.00 | 100% | 50% | 50% |
| Other Academic | 6 | 23.33 | 100% | 83% | 50% |
| Philosophy | 6 | 26.67 | 100% | 100% | 67% |
| Religion | 10 | 19.00 | 90% | 80% | 20% |
| Science - Biology | 6 | 18.33 | 100% | 67% | 17% |
| Science - Chemistry | 9 | 23.33 | 100% | 89% | 44% |
| Science - Other Science | 10 | 18.00 | 100% | 60% | 20% |
| Science - Physics | 9 | 17.78 | 100% | 56% | 22% |
| Social Science | 11 | 20.00 | 100% | 82% | 18% |